[Event "44th Badalona Open 2018"]
[Site "Badalona"]
[Date "2018.08.07"]
[Round "7"]
[White "Ferrante, Marco"]
[Black "Diaz Camallonga, Carles"]
[Result "0-1"]
[WhiteElo "2330"]
[BlackElo "2445"]
[Annotator "TA"]
[PlyCount "64"]
[EventDate "2018.08.01"]
[EventType "swiss"]
[EventCountry "ESP"]
[SourceTitle "playchess.com"]
[Source "ChessBase"]
[SourceQuality "1"]

{[%evp 15,64,0,-3,-7,0,-40,-10,-20,-3,-14,0,-161,-166,-160,-99,-140,-124,-197,-174,-143,-90,-83,-70,-464,-181,-584,-530,-520,-484,-1012,-998,-1124,-587,-587,-568,-550,-532,-5697,-5665,-29987,-29988,-29988,-767,-29990,-29991,-29991,-29985,-29993,-29993,-29993,-29994]} 1. e4 e6 2. d4 d5 3. Nc3 Bb4 4. a3 Bxc3+ 5. bxc3 dxe4 6. Qg4 Nf6 7. Qxg7 Rg8 8. Qh6 Bd7 {LiveBook: 10 Games. C15: French: 3 Nc3 Bb4: Unusual White 4th moves} (8... c5 9. Ne2 Bd7 10. Bg5 Rg6 11. Qh4 Bc6 12. Rd1 Nbd7 13. Nf4 Rxg5 14. Qxg5 Qa5 15. Ne2 O-O-O 16. dxc5 Nd5 17. Nd4 Nxc5 18. Nxc6 bxc6 {1-0 (61) Wang,H (2709)-Savchenko,B (2566) Riadh 2017}) 9. a4 {[%cal Ba3a4,Ba4a5][%mdl 32]} c5 10. a5 $146 ({Predecessor:} 10. dxc5 Bc6 11. Ne2 Nbd7 12. Ba3 Qc7 13. Nd4 Qe5 14. O-O-O Ng4 15. Qd2 Nxc5 16. Nb5 {1-0 (33) Bures,J (2381)-Chytilek,R (2397) Czechia 2013}) 10... Bc6 {Black is slightly better.} 11. dxc5 Nbd7 12. Ne2 Qe7 13. Ba3 $2 (13. a6 $1 $11) 13... Ng4 $1 $19 {[%cal Rg4h6][%mdl 1024] Black has strong compensation.} 14. Qh3 Qf6 ({Better is} 14... h5 15. a6 bxa6) 15. Qg3 $17 e5 16. h3 (16. a6 $17) 16... Nh6 $36 {[%mdl 2048] Black is on the roll.} 17. Qh2 {[#]} Nf5 (17... e3 $142 $1 {[%mdl 512]} 18. Qg1 (18. fxe3 Nf5) 18... Nf5) 18. O-O-O O-O-O 19. g3 $2 {[%mdl 8192] [#]} ({White should try} 19. g4 $15 Nh4 20. Qg3) 19... Qe7 $2 (19... Nxc5 $1 {[%mdl 512]} 20. Bxc5 (20. Rxd8+ $2 Qxd8 21. Kb1 Ba4 $19) 20... Qh6+ 21. Be3 Rxd1+ 22. Kxd1 Qd6+ 23. Ke1 Rd8) 20. Bb4 $2 (20. h4) 20... Nxc5 21. Bg2 Qe6 {( -> ...Qa2)} 22. Rxd8+ ({Not} 22. Bxc5 Qa2) (22. Kb1 $142 Qc4 23. Qg1) 22... Rxd8 23. Rd1 Qh6+ 24. Nf4 {intending Rxd8+.} Rxd1+ 25. Kxd1 Qd6+ 26. Nd3 exd3 27. Bxc6 dxc2+ 28. Kxc2 Qxc6 (28... Qd3+ $142 29. Kb2 Qd2+ 30. Kb1 Nd3 31. Ba3 bxc6 32. g4 Qd1+ 33. Ka2 Qc2+ 34. Ka1 Qxc3+ 35. Ka2 Qc2+ 36. Ka1 Nd4 37. h4 Nb3#) 29. g4 Qa4+ {Black mates.} 30. Kb1 Qb3+ 31. Ka1 Nd3 {[%csl Gd3][%cal Rb3b2]} 32. f4 Ne3 {Precision: White = 18%, Black = 72%.} 0-1

[Event "44th Badalona Open 2018"]
[Site "Badalona"]
[Date "2018.08.07"]
[Round "7"]
[White "Rodriguez Alvarez, Vidal Hely"]
[Black "Escalante Ramirez, Brian Sebastian"]
[Result "1/2-1/2"]
[WhiteElo "2275"]
[BlackElo "2438"]
[Annotator "NA"]
[PlyCount "77"]
[EventDate "2018.08.01"]
[EventType "swiss"]
[EventCountry "ESP"]
[SourceTitle "playchess.com"]
[Source "ChessBase"]
[SourceQuality "1"]
[TimeControl "5400+30"]

1. Nf3 Nf6 2. c4 g6 3. Nc3 Bg7 4. e4 d6 5. d4 O-O 6. Be2 c5 7. O-O Re8 8. Re1 Bg4 9. Be3 Bxf3 10. Bxf3 cxd4 11. Bxd4 Nc6 12. Be3 Rc8 13. Be2 a6 14. f3 Na5 15. Qa4 Nd7 16. Rac1 Nc5 17. Qa3 Ne6 18. Qb4 Bd4 19. Bxd4 Nxd4 20. Bf1 Rc5 21. Ne2 e6 22. b3 Nac6 23. Qd2 Qa5 24. Red1 Qxd2 25. Rxd2 e5 26. Nxd4 Nxd4 27. Be2 Ra5 28. Kf2 Nc6 29. Kg1 Rd8 30. Kf2 Kf8 31. Ke3 Ke7 32. Bd3 Ra3 33. g3 b6 34. f4 f6 35. Rf2 a5 36. Rcf1 Rf8 37. g4 exf4+ 38. Kxf4 Ne5 39. Bb1 1/2-1/2

[Event "44th Badalona Open 2018"]
[Site "Badalona"]
[Date "2018.08.07"]
[Round "7"]
[White "Ferre Campos, Josep"]
[Black "Casares Bonals, Ainhoa"]
[Result "1-0"]
[WhiteElo "1878"]
[BlackElo "1637"]
[Annotator "NA"]
[PlyCount "45"]
[EventDate "2018.08.01"]
[EventType "swiss"]
[EventCountry "ESP"]
[SourceTitle "playchess.com"]
[Source "ChessBase"]
[SourceQuality "1"]
[TimeControl "5400+30"]

1. e4 {[%emt 0:00:16]} c5 {[%emt 0:00:00]} 2. Nf3 {[%emt 0:00:30]} d6 {[%emt 0:00:00]} 3. d4 {[%emt 0:00:16]} cxd4 {[%emt 0:00:03]} 4. Nxd4 {[%emt 0:00:00]} Nf6 {[%emt 0:00:07]} 5. Nc3 {[%emt 0:00:00]} a6 {[%emt 0:00:07]} 6. Bg5 {[%emt 0:00:00]} e6 {[%emt 0:00:34]} 7. f4 {[%emt 0:01:06]} h6 {[%emt 0:00:28]} 8. Bh4 {[%emt 0:02:49]} Qb6 {[%emt 0:03:55]} 9. Bxf6 {[%emt 0:08:36]} gxf6 {[%emt 0:01:20]} 10. Qd2 {[%emt 0:00:37]} Qxb2 {[%emt 0:04:47]} 11. Rb1 {[%emt 0:03:18]} Qa3 {[%emt 0:08:57]} 12. f5 {[%emt 0:06:06]} Bg7 {[%emt 0:03:45]} 13. Rb3 {[%emt 0:21:56]} Qa5 {[%emt 0:02:32]} 14. fxe6 {[%emt 0:02:29]} fxe6 {[%emt 0:04:46]} 15. Bc4 {[%emt 0:01:14]} Ke7 {[%emt 0:02:39]} 16. Nd5+ {[%emt 0:05:25]} exd5 {[%emt 0:00:23]} 17. Qxa5 {[%emt 0:00:32]} dxc4 {[%emt 0:00:49]} 18. Qc7+ {[%emt 0:00:17]} Nd7 {[%emt 0:00:49]} 19. Nf5+ {[%emt 0:02:44]} Kf7 20. Rg3 {[%emt 0:00:50]} Rg8 {[%emt 0:01:14]} 21. Qxc4+ {[%emt 0:00:25]} Kf8 {[%emt 0:00:53]} 22. Qe6 Ne5 23. Qe7# 1-0

[Event "44th Badalona Open 2018"]
[Site "Badalona"]
[Date "2018.08.07"]
[Round "7"]
[White "Hovakimyan, Narek"]
[Black "Mut Company, Guillem Joan"]
[Result "0-1"]
[WhiteElo "1851"]
[BlackElo "1898"]
[Annotator "NA"]
[PlyCount "104"]
[EventDate "2018.08.01"]
[EventType "swiss"]
[EventCountry "ESP"]
[SourceTitle "playchess.com"]
[Source "ChessBase"]
[SourceQuality "1"]
[TimeControl "5400+30"]

1. e4 {[%emt 0:00:00]} c6 {[%emt 0:00:00]} 2. d4 {[%emt 0:00:23]} d5 {[%emt 0:00:00]} 3. e5 {[%emt 0:00:11]} c5 {[%emt 0:00:06]} 4. c3 {[%emt 0:00:41]} Nc6 {[%emt 0:00:40]} 5. Nf3 {[%emt 0:02:02]} cxd4 {[%emt 0:01:16]} 6. cxd4 {[%emt 0:00:15]} Bg4 {[%emt 0:00:36]} 7. Nc3 {[%emt 0:10:09]} e6 {[%emt 0:00:31]} 8. h3 {[%emt 0:01:00]} Bxf3 {[%emt 0:01:23]} 9. gxf3 {[%emt 0:00:14]} Qb6 {[%emt 0:03:27]} 10. Bb5 {[%emt 0:01:23]} Nge7 {[%emt 0:02:26]} 11. Be3 {[%emt 0:07:07]} Nf5 {[%emt 0:02:27]} 12. O-O {[%emt 0:01:02]} Be7 {[%emt 0:09:50]} 13. Rc1 {[%emt 0:02:14]} Rc8 {[%emt 0:07:08]} 14. Bxc6+ {[%emt 0:08:46]} Rxc6 {[%emt 0:06:00]} 15. Na4 {[%emt 0:04:54]} Rxc1 {[%emt 0:06:30]} 16. Qxc1 {[%emt 0:01:47]} Qc6 {[%emt 0:01:15]} 17. Qxc6+ {[%emt 0:00:47]} bxc6 {[%emt 0:00:05]} 18. Rc1 {[%emt 0:00:31]} Kd7 {[%emt 0:00:52]} 19. Nc5+ {[%emt 0:14:30]} Bxc5 {[%emt 0:01:48]} 20. Rxc5 {[%emt 0:00:09]} Kc7 {[%emt 0:10:33]} 21. b4 {[%emt 0:01:03]} a6 {[%emt 0:01:46]} 22. Kf1 {[%emt 0:03:26]} h5 {[%emt 0:07:12]} 23. Ke2 {[%emt 0:03:59]} Rg8 {[%emt 0:03:50]} 24. Rc1 {[%emt 0:02:15]} Rb8 {[%emt 0:01:05]} 25. a3 {[%emt 0:02:28]} a5 {[%emt 0:02:23]} 26. Rb1 {[%emt 0:02:44]} axb4 {[%emt 0:00:31]} 27. axb4 {[%emt 0:00:01]} Ra8 {[%emt 0:01:40]} 28. f4 {[%emt 0:06:17]} Kb6 {[%emt 0:02:07]} 29. Bc1 {[%emt 0:02:37]} Kb5 {[%emt 0:01:56]} 30. Kd3 {[%emt 0:00:21]} Ra2 {[%emt 0:01:40]} 31. Bb2 {[%emt 0:01:16]} Kxb4 {[%emt 0:05:53]} 32. Bc3+ {[%emt 0:00:38]} Ka3 {[%emt 0:01:24]} 33. Bd2 {[%emt 0:01:44]} Ka4 {[%emt 0:02:19]} 34. Rb4+ {[%emt 0:00:30]} Ka3 {[%emt 0:00:28]} 35. Rb7 {[%emt 0:00:25]} Ka4 {[%emt 0:02:49]} 36. Ra7+ {[%emt 0:04:46]} Kb3 {[%emt 0:00:09]} 37. Rb7+ {[%emt 0:01:32]} Ka4 {[%emt 0:00:18]} 38. Rxf7 {[%emt 0:00:47]} Kb5 {[%emt 0:00:56]} 39. Rb7+ {[%emt 0:01:16]} Ka6 {[%emt 0:00:25]} 40. Rb8 {[%emt 0:00:03]} Ka7 {[%emt 0:00:53]} 41. Re8 {[%emt 0:00:07]} Ra3+ {[%emt 0:02:38]} 42. Bc3 {[%emt 0:01:50]} c5 {[%emt 0:00:30]} 43. Kc2 {[%emt 0:02:28]} cxd4 {[%emt 0:00:28]} 44. Bb4 {[%emt 0:01:11]} Rxh3 {[%emt 0:00:30]} 45. Rxe6 {[%emt 0:00:55]} Rf3 {[%emt 0:00:33]} 46. Bd2 {[%emt 0:03:33]} Rxf2 {[%emt 0:02:07]} 47. Rg6 {[%emt 0:00:17]} h4 {[%emt 0:01:48]} 48. Rg5 {[%emt 0:00:07]} g6 {[%emt 0:04:51]} 49. Rxg6 {[%emt 0:01:55]} h3 {[%emt 0:00:05]} 50. e6 {[%emt 0:00:30]} Re2 {[%emt 0:00:49]} 51. Kd3 {[%emt 0:00:21]} h2 {[%emt 0:01:05]} 52. Kxe2 {[%emt 0:01:36]} h1=Q {[%emt 0:00:22]} 0-1

[Event "44th Badalona Open 2018"]
[Site "Badalona"]
[Date "2018.08.08"]
[Round "8"]
[White "Gallego Alcaraz, Andres Felipe"]
[Black "Aguero Jimenez, Luis Lazaro"]
[Result "1/2-1/2"]
[WhiteElo "2500"]
[BlackElo "2482"]
[Annotator "ChessBase"]
[PlyCount "53"]
[EventDate "2018.08.01"]
[EventType "swiss"]
[EventCountry "ESP"]
[SourceTitle "playchess.com"]
[Source "ChessBase"]
[SourceQuality "1"]
[TimeControl "5400+30"]

1. d4 {[%emt 0:00:00]} d5 {[%emt 0:00:00]} 2. c4 {[%emt 0:00:00]} dxc4 {[%emt 0:00:00]} 3. e4 e5 {[%emt 0:00:00]} 4. Nf3 {[%emt 0:00:14]} exd4 {[%emt 0:00:00]} 5. Bxc4 {[%emt 0:00:23]} Bb4+ {[%emt 0:00:00]} 6. Nbd2 Nc6 {[%emt 0:00:00]} 7. O-O {[%emt 0:01:09]} Nf6 {[%emt 0:00:00]} 8. e5 {[%emt 0:00:28]} Nd5 {[%emt 0:00:38]} 9. Nb3 {[%emt 0:00:16]} Nb6 {[%emt 0:01:06]} 10. Bg5 {[%emt 0:00:09]} Be7 11. Bxe7 {[%emt 0:00:09]} Qxe7 {[%emt 0:00:45]} 12. Bb5 {[%emt 0:00:30]} Bd7 {[%emt 0:01:12]} 13. Re1 {[%emt 0:00:31]} O-O {[%emt 0:49:38]} 14. Rc1 {[%emt 0:06:51]} Rfe8 {[%emt 0:00:30]} 15. Nc5 {[%emt 0:04:58]} a6 {[%emt 0:00:04]} 16. Bxc6 {[%emt 0:00:08]} Bxc6 {[%emt 0:05:03]} 17. Nxd4 {[%emt 0:17:40]} Rad8 {[%emt 0:00:07]} 18. Nxc6 {[%emt 0:00:30]} bxc6 {[%emt 0:04:45]} 19. Qe2 {[%emt 0:08:04]} Rd5 {[%emt 0:06:02]} 20. b4 {[%emt 0:09:54]} a5 {[%emt 0:02:55]} 21. Qb2 {[%emt 0:00:49]} axb4 {[%emt 0:00:15]} 22. Qxb4 {[%emt 0:01:29]} Rxe5 {[%emt 0:00:02]} 23. Rxe5 {[%emt 0:03:14]} Qxe5 {[%emt 0:07:26]} 24. g3 {[%emt 0:03:34]} Qg5 25. Rd1 {[%emt 0:00:46]} Nd5 {[%emt 0:01:22]} 26. Qd4 {[%emt 0:03:26]} Qh5 27. Rc1 1/2-1/2

[Event "44th Badalona Open 2018"]
[Site "Badalona"]
[Date "2018.08.08"]
[Round "8"]
[White "Munoz, Miguel"]
[Black "Oliva Castaneda, Kevel"]
[Result "1/2-1/2"]
[WhiteElo "2476"]
[BlackElo "2479"]
[Annotator "TA"]
[PlyCount "38"]
[EventDate "2018.08.01"]
[EventType "swiss"]
[EventCountry "ESP"]
[SourceTitle "playchess.com"]
[Source "ChessBase"]
[SourceQuality "1"]

{[%evp 13,38,0,17,-25,2,-14,0,-1,0,-18,-2,-22,-13,-29,0,0,0,0,0,0,25,0,2,0,0,0,16]} 1. e4 c5 2. Nf3 e6 3. c4 Nc6 4. d4 cxd4 5. Nxd4 Nf6 6. Nc3 Bb4 7. Nxc6 bxc6 {LiveBook: 245 Games} 8. Qb3 {B44: Sicilian: Taimanov: 5 Nb5} (8. Bd3 e5 9. O-O O-O 10. Qe2 d6 11. Na4 d5 12. a3 Bd6 13. Bg5 h6 14. Bxf6 Qxf6 15. cxd5 cxd5 16. exd5 Qf4 17. Bb5 Bg4 {½-½ (60) Karjakin,S (2782)-Vachier Lagrave,M (2789) Paris 2018}) 8... Qe7 $146 ({Predecessor:} 8... a5 9. a3 Bd6 10. Bd3 O-O 11. Bg5 Rb8 12. Qc2 e5 13. O-O h6 14. Bh4 Bc5 15. Na4 Bd4 {0-1 (27) Whitehead,D (2128)-Tozer,R (2301) Southend 2009}) 9. Bd3 e5 10. O-O Bc5 11. Nd1 O-O 12. Be3 Bd4 13. Qc2 c5 14. Nc3 Bb7 15. Rae1 d6 16. Nb5 Rfc8 17. Bd2 a6 {The position is equal.} 18. Nc3 Rab8 19. b3 Nd7 {Precision: White = 49%, Black = 43%.} 1/2-1/2

[Event "44th Badalona Open 2018"]
[Site "Badalona"]
[Date "2018.08.08"]
[Round "8"]
[White "Pulvett Marin, Daniel Eduardo"]
[Black "Naboka, Sergey"]
[Result "1/2-1/2"]
[WhiteElo "2465"]
[BlackElo "2341"]
[Annotator "TA"]
[PlyCount "173"]
[EventDate "2018.08.01"]
[EventType "swiss"]
[EventCountry "ESP"]
[SourceTitle "playchess.com"]
[Source "ChessBase"]
[SourceQuality "1"]

{[%evp 9,173,27,28,25,30,3,27,12,12,12,5,11,14,5,19,31,31,22,36,36,33,25,45,22,9,13,14,10,12,21,46,41,41,50,50,50,50,56,52,44,108,110,139,0,0,-45,45,70,93,59,78,96,75,77,92,96,191,130,154,144,120,0,0,0,16,0,0,0,7,8,52,68,68,68,68,68,68,68,68,68,68,68,68,68,68,68,60,0,0,0,75,59,47,0,75,75,75,75,75,75,75,75,75,75,75,0,75,0,0,0,0,0,0,0,0,0,0,0,65,0,0,0,60,60,60,56,49,48,68,68,68,68,68,52,52,52,52,52,52,20,20,20,20,20,20,20,20,20,20,20,20,20,20,20,20,20,20,20,20,20,20,20,20,12,12,0]} 1. Nf3 f5 2. d3 d5 (2... d6 3. e4 e5 4. Nc3 Be7 5. d4 fxe4 6. Nxe4 d5 7. Neg5 exd4 8. Bd3 Qd6 9. Nxd4 c5 10. Nb5 Qe5+ 11. Be3 Na6 12. O-O {1-0 (36) Svidler,P (2751)-Bu,X (2710) Tbilisi 2017}) 3. g3 Nf6 4. Bg2 g6 5. O-O Bg7 6. d4 {A04: Unusual lines after 1 Nf3 and King's Indian Attack} O-O 7. Bf4 $146 ({Predecessor:} 7. c4 c6 8. b3 Ne4 9. Bb2 Nd7 10. Nbd2 {½-½ (45) Radovanovic,M (2023)-Andrejic,V (2223) Belgrade 2014}) 7... Nbd7 8. Ng5 {And now Ne6 would win.White has an edge.} Nb6 9. Nd2 Ne4 10. Ngf3 (10. Bxe4 $2 fxe4 11. c3 h6 $19) 10... c5 11. c3 cxd4 12. cxd4 Bd7 13. Rc1 Rc8 14. Qb3 e6 15. Qb4 Re8 16. b3 Bc6 17. Ne5 a5 18. Qa3 $1 ({Avoid the trap} 18. Qxa5 $2 Ra8 $19) 18... Bf8 19. Qb2 Bb5 20. Nxe4 dxe4 21. Rxc8 Nxc8 22. f3 exf3 23. Bxf3 Qb6 24. Rc1 Bd6 (24... Ne7 $14) 25. a4 $16 g5 26. Bh5 ({Much less strong is} 26. Bxg5 $6 Bxe5 27. e3 Bxa4 $16) (26. axb5 $16 gxf4 27. gxf4) 26... gxf4 $11 27. gxf4 (27. Bxe8 {keeps more tension.} Bxe5 28. e3 Bxe8 29. Rxc8 fxe3 30. Rxe8+ Kf7 31. Rc8) 27... Rf8 ({Better is} 27... Bxe5 $1 $15 28. fxe5 Qd8) 28. axb5 $14 {aiming for Nd7.} Qxb5 29. Bf7+ $1 Rxf7 30. Nxf7 ({Of course not} 30. Rxc8+ Rf8 $11) 30... Kxf7 31. Rxc8 {[%mdl 4096] Endgame KQR-KQB} a4 32. e3 {Hoping for Qg2.} Qd3 (32... a3 $16 33. Qc2 Qa5) 33. bxa4 ({White should play} 33. Kf2 $18 a3 34. Qe2 Qxe2+ 35. Kxe2) 33... Qxe3+ $16 34. Qf2 Qb3 35. Qe2 (35. Kg2 $1 $16) 35... Bxf4 $11 36. Kg2 Qxa4 37. Rc4 Qa5 38. Rc5 Qd8 {[#]} 39. d5 $1 {[%mdl 512]} exd5 {Threatening ...Qg5+.} 40. Qf3 Qh4 41. Qxd5+ Ke7 42. Qxb7+ Ke6 43. Qb3+ $1 Ke7 44. h3 Qg5+ 45. Kh1 {Threatens to win with Qb7+.} Bd6 $1 {[%cal Rd6c5]} 46. Qb7+ Kf6 47. Qb2+ Kf7 48. Rb5 (48. Rc3 $14) 48... Qf4 {[%cal Rf4f1]} 49. Rb7+ Ke6 (49... Bc7 $11 {keeps the balance.} 50. Qb3+ Kf6 51. Qb2+ Kf7) 50. Qe2+ Kf6 $1 51. Qb2+ Ke6 {[%cal Rf4f1]} 52. Qb3+ Ke5 {[#] ( -> ...Qf1+)} 53. Qc3+ $1 Ke6 {[%csl Gd6][%cal Rf4h2] [#]} 54. Qc8+ $1 Kd5 {[%csl Gd6][%cal Rf4h2]} 55. Qg8+ Ke5 56. Qg7+ Kd5 {[%csl Gd6][%cal Rf4h2]} 57. Qg8+ Ke5 58. Rb5+ (58. Qe8+ $16 Kd5 59. Qb5+ Ke6 60. Qb3+ Ke5 61. Qb2+ Kd5 62. Qa2+ Ke5 63. Qh2) 58... Kf6 {[%csl Gd6][%cal Rf4h2]} 59. Qd8+ Ke6 {[%csl Gd6][%cal Rf4h2]} 60. Qe8+ Kf6 {[%csl Gd6][%cal Rf4h2]} 61. Qh8+ Ke6 {[%csl Gd6][%cal Rf4h2]} 62. Qc8+ Kf6 {[%csl Gd6][%cal Rf4h2]} 63. Qc3+ Ke6 (63... Kg6 $11 64. Kg2 Qh2+ 65. Kf1 Qh1+ 66. Kf2 Qh2+ 67. Kf1 Qh1+ 68. Kf2 Qh2+ 69. Kf1) 64. Qb3+ ({White should try} 64. Kg2 $14) 64... Kf6 {[%csl Gd6][%cal Rf4h2]} 65. Qb2+ Ke6 (65... Kf7 $11 66. Rb7+ Bc7 67. Qb3+ Kg6 68. Qe6+ Kg7) 66. Qe2+ $14 Kf6 67. Rb1 Qg3 68. Qb2+ Qe5 69. Qxe5+ Bxe5 {KR-KB} 70. Rb5 h5 71. h4 Bg3 72. Rb4 f4 73. Kg2 Kf5 74. Kf3 Kg6 {The position is equal.} 75. Rb6+ Kg7 76. Rb5 Kg6 77. Rg5+ Kh6 78. Rg8 Kh7 79. Rc8 Kg6 80. Rc6+ Kg7 81. Ke4 Bxh4 82. Kxf4 Be7 83. Kf5 h4 84. Rc7 Kf7 85. Rc3 Bd6 86. Rd3 Ke7 87. Rxd6 {Precision: White = 64%, Black = 64%.} 1/2-1/2

[Event "44th Badalona Open 2018"]
[Site "Badalona"]
[Date "2018.08.08"]
[Round "8"]
[White "Diaz Camallonga, Carles"]
[Black "Narciso Dublan, Marc"]
[Result "1/2-1/2"]
[WhiteElo "2445"]
[BlackElo "2483"]
[Annotator "TA"]
[PlyCount "69"]
[EventDate "2018.08.01"]
[EventType "swiss"]
[EventCountry "ESP"]
[SourceTitle "playchess.com"]
[Source "ChessBase"]
[SourceQuality "1"]

{[%evp 16,69,30,19,32,16,35,30,33,16,35,35,39,16,20,10,27,18,16,16,20,17,16,11,10,11,24,10,19,29,83,79,72,86,75,81,79,83,70,10,15,0,0,0,0,0,126,0,0,0,0,0,0,0,0,0]} 1. e4 e5 2. Nf3 Nc6 3. Bb5 a6 4. Ba4 Nf6 5. d3 d6 6. c4 Be7 {C77: Ruy Lopez: 3...a6 4 Ba4 Nf6, unusual lines} (6... Bg4 7. h3 Bxf3 8. Qxf3 Nd7 9. Be3 Be7 10. O-O O-O 11. Qg3 Nc5 12. Bxc5 dxc5 13. Bxc6 bxc6 14. Nc3 Qd4 15. Qe3 Rfd8 16. Rad1 Qd6 17. Na4 Rd7 18. Rfe1 Rad8 {½-½ (47) Huschenbeth,N (2601)-Sutovsky,E (2689) Austria 2017}) 7. h3 O-O 8. Be3 Nb8 9. Nc3 {LiveBook: 3 Games} Nbd7 10. d4 c6 11. d5 cxd5 12. cxd5 b5 13. Bc2 $1 Nb6 14. Bd3 $146 ({Predecessor:} 14. Nd2 Bd7 15. a3 {1-0 (60) Yildiz,B (2364)-Hajiyev,S (2007) Mersin 2016}) 14... Bd7 15. Rc1 b4 16. Ne2 Nbxd5 17. exd5 {Ng3 is the strong threat.} e4 18. Ned4 exd3 19. Nc6 $36 {[%mdl 2048] White fights for an advantage.} Bxc6 20. dxc6 {[%cal Bd5c6,Bc6c7][%mdl 32]} Nd5 21. Qxd3 Nxe3 22. fxe3 Bh4+ (22... Bf6 $11) 23. Ke2 $1 $16 Bf6 24. c7 Qd7 {[#]} 25. Rhd1 $1 Bxb2 26. Rc4 Qb5 27. Qd5 (27. Qe4 $14) 27... Rfc8 $11 28. Qc6 Qxc6 $1 29. Rxc6 Kf8 30. Rdxd6 a5 {[#]} (30... Ke7 $11) 31. Nd4 ({Only move:} 31. Rd5 $1 $16) 31... Bxd4 $1 {The position is equal.} 32. Rxd4 Ke7 33. Rc2 Ra7 34. Re4+ Kd7 35. Rd4+ {Precision: White = 56%, Black = 67%.} 1/2-1/2

[Event "44th Badalona Open 2018"]
[Site "Badalona"]
[Date "2018.08.08"]
[Round "8"]
[White "Escalante Ramirez, Brian Sebastian"]
[Black "Hernandez, Cristian Andres"]
[Result "1-0"]
[WhiteElo "2438"]
[BlackElo "2323"]
[Annotator "NA"]
[PlyCount "83"]
[EventDate "2018.08.01"]
[EventType "swiss"]
[EventCountry "ESP"]
[SourceTitle "playchess.com"]
[Source "ChessBase"]
[SourceQuality "1"]
[TimeControl "5400+30"]

1. e4 {[%emt 0:00:00]} c5 {[%emt 0:00:00]} 2. Nc3 {[%emt 0:00:00]} e6 {[%emt 0:00:00]} 3. Nge2 {[%emt 0:00:00]} Nc6 {[%emt 0:00:10]} 4. d4 {[%emt 0:00:13]} cxd4 {[%emt 0:00:05]} 5. Nxd4 {[%emt 0:00:03]} Qc7 {[%emt 0:00:00]} 6. Be3 {[%emt 0:01:11]} a6 {[%emt 0:01:22]} 7. a3 {[%emt 0:00:16]} b5 {[%emt 0:03:03]} 8. Nxc6 {[%emt 0:00:30]} Qxc6 {[%emt 0:00:35]} 9. Be2 {[%emt 0:05:52]} Bb7 {[%emt 0:13:35]} 10. O-O {[%emt 0:00:30]} Bc5 {[%emt 0:06:09]} 11. Qd3 {[%emt 0:16:53]} Ne7 {[%emt 0:09:09]} 12. Rfd1 {[%emt 0:10:19]} Rd8 {[%emt 0:05:43]} 13. Bf3 {[%emt 0:02:44]} Bxe3 {[%emt 0:00:30]} 14. Qxe3 {[%emt 0:30:16]} d6 {[%emt 0:10:09]} 15. Qd4 {[%emt 0:00:37]} e5 {[%emt 0:02:29]} 16. Qe3 {[%emt 0:00:04]} O-O {[%emt 0:00:30]} 17. Rd2 {[%emt 0:00:02]} Qc7 {[%emt 0:15:41]} 18. Rad1 {[%emt 0:10:10]} Bc8 19. Rd3 {[%emt 0:00:02]} Be6 {[%emt 0:05:43]} 20. Qd2 {[%emt 0:00:38]} Nc8 {[%emt 0:02:31]} 21. Be2 {[%emt 0:04:07]} Rd7 {[%emt 0:00:30]} 22. Nd5 {[%emt 0:07:18]} Qd8 {[%emt 0:09:25]} 23. h3 {[%emt 0:00:30]} Qh4 {[%emt 0:00:30]} 24. Qe3 {[%emt 0:00:51]} f5 {[%emt 0:00:46]} 25. exf5 {[%emt 0:00:30]} Bxf5 {[%emt 0:00:16]} 26. R3d2 {[%emt 0:03:15]} Rdf7 27. Qg3 {[%emt 0:00:02]} Qxg3 {[%emt 0:03:29]} 28. fxg3 {[%emt 0:00:30]} Be6 {[%emt 0:02:52]} 29. c4 {[%emt 0:00:50]} Bxd5 {[%emt 0:00:30]} 30. Rxd5 {[%emt 0:00:00]} Rf2 {[%emt 0:01:51]} 31. R5d2 {[%emt 0:00:39]} e4 {[%emt 0:02:13]} 32. cxb5 {[%emt 0:00:08]} e3 {[%emt 0:00:04]} 33. Bc4+ {[%emt 0:00:40]} Kh8 {[%emt 0:00:35]} 34. Rxf2 {[%emt 0:03:10]} Rxf2 {[%emt 0:00:05]} 35. bxa6 {[%emt 0:00:43]} Rxb2 36. Rf1 {[%emt 0:00:37]} Rf2 {[%emt 0:01:49]} 37. Rxf2 exf2+ {[%emt 0:00:05]} 38. Kxf2 {[%emt 0:00:32]} g5 {[%emt 0:00:00]} 39. Ke3 {[%emt 0:00:48]} Kg7 {[%emt 0:00:00]} 40. Kd4 {[%emt 0:00:30]} Kf6 {[%emt 0:00:18]} 41. Kd5 {[%emt 0:00:22]} Nb6+ {[%emt 0:00:04]} 42. Kc6 {[%emt 0:01:02]} 1-0

[Event "44th Badalona Open 2018"]
[Site "Badalona"]
[Date "2018.08.08"]
[Round "8"]
[White "Panelo, Marcelo"]
[Black "Sturt, Raven M"]
[Result "0-1"]
[WhiteElo "2360"]
[BlackElo "2437"]
[Annotator "NA"]
[PlyCount "60"]
[EventDate "2018.08.01"]
[EventType "swiss"]
[EventCountry "ESP"]
[SourceTitle "playchess.com"]
[Source "ChessBase"]
[SourceQuality "1"]
[TimeControl "5400+30"]

1. d4 {[%emt 0:14:08]} f5 {[%emt 0:00:00]} 2. e4 fxe4 3. Nc3 {[%emt 0:03:42]} Nf6 {[%emt 0:00:38]} 4. Bg5 {[%emt 0:00:04]} Nc6 {[%emt 0:00:10]} 5. d5 {[%emt 0:00:00]} Ne5 {[%emt 0:00:22]} 6. Qe2 {[%emt 0:00:00]} Nf7 {[%emt 0:06:45]} 7. Bxf6 {[%emt 0:00:00]} exf6 {[%emt 0:01:57]} 8. Nxe4 {[%emt 0:00:22]} Be7 {[%emt 0:05:16]} 9. d6 {[%emt 0:00:37]} cxd6 {[%emt 0:09:37]} 10. Nc3 {[%emt 0:03:46]} d5 11. O-O-O {[%emt 0:00:09]} O-O {[%emt 0:01:48]} 12. Nxd5 {[%emt 0:21:30]} Bc5 {[%emt 0:06:58]} 13. f4 {[%emt 0:06:27]} d6 {[%emt 0:07:56]} 14. Nf3 {[%emt 0:00:21]} Re8 {[%emt 0:02:21]} 15. Qd2 {[%emt 0:01:11]} Bd7 16. Bc4 {[%emt 0:00:06]} b5 {[%emt 0:02:25]} 17. Bb3 {[%emt 0:04:03]} a5 {[%emt 0:18:02]} 18. c3 {[%emt 0:03:20]} b4 {[%emt 0:00:06]} 19. cxb4 {[%emt 0:02:24]} axb4 {[%emt 0:13:47]} 20. Rhe1 {[%emt 0:00:57]} Kh8 {[%emt 0:00:11]} 21. Rxe8+ {[%emt 0:06:35]} Bxe8 {[%emt 0:01:25]} 22. Kb1 {[%emt 0:02:54]} Nh6 {[%emt 0:00:56]} 23. Nd4 {[%emt 0:08:46]} Qa5 24. h3 Bg6+ {[%emt 0:01:53]} 25. Ka1 {[%emt 0:00:37]} Bxd4 {[%emt 0:01:17]} 26. Qxd4 {[%emt 0:00:18]} Bc2 {[%emt 0:00:06]} 27. Bc4 {[%emt 0:03:49]} Nf5 28. Qd2 {[%emt 0:00:00]} Bxd1 {[%emt 0:00:58]} 29. Qxd1 {[%emt 0:00:01]} Qc5 {[%emt 0:00:17]} 30. b3 Ne3 0-1